000 00475 a2200169 4500
003 OSt
005 20231220104028.0
008 231220b |||||||| |||| 00| 0 eng d
020 _a9788181439451
040 _coclc
082 _a891.433
_bSIN/A
100 _aSingh, Namita
_910179
245 _aAPNEE SALIBEIN /
_cNamitha Singh
260 _aNew Delhi:
_bVani Prakashan,
_c2008.
300 _a227p
942 _2ddc
_cBK
_h891.433
_iSIN/A
_k891.433
_mSIN/A
999 _c43497
_d43497